<?xml version="1.0" encoding="UTF-8"?>
<marc:record xmlns:marc="http://www.loc.gov/MARC21/slim">
   <marc:leader>00000nam a2200000 a 4500</marc:leader>
   <marc:datafield ind1="1" ind2=" " tag="100">
      <marc:subfield code="a">Ferdinand, Miriam</marc:subfield>
      <marc:subfield code="4">aut</marc:subfield>
      <marc:subfield code="e">Verfasser/-in</marc:subfield>
   </marc:datafield>
   <marc:datafield ind1=" " ind2=" " tag="653">
      <marc:subfield code="a">Teil einer Reihe</marc:subfield>
   </marc:datafield>
   <marc:datafield ind1="0" ind2="0" tag="245">
      <marc:subfield code="a">Die Reiter von Berk</marc:subfield>
   </marc:datafield>
   <marc:datafield ind1="0" ind2="0" tag="245">
      <marc:subfield code="b">Hicks Abenteuer - Drachenzähmen leicht gemacht</marc:subfield>
   </marc:datafield>
   <marc:datafield ind1="0" ind2="0" tag="245">
      <marc:subfield code="c">Miriam Ferdinand</marc:subfield>
   </marc:datafield>
   <marc:datafield ind1=" " ind2="1" tag="264">
      <marc:subfield code="a">Hamburg</marc:subfield>
      <marc:subfield code="b">Nelson</marc:subfield>
      <marc:subfield code="c">2015</marc:subfield>
   </marc:datafield>
   <marc:datafield ind1="1" ind2=" " tag="490">
      <marc:subfield code="a">Dragons</marc:subfield>
      <marc:subfield code="v">DRAGONS DRACHENZÄHMEN</marc:subfield>
   </marc:datafield>
   <marc:datafield ind1="1" ind2=" " tag="520">
      <marc:subfield code="a">Angaben aus der Verlagsmeldung##Dreamworks Dragons: Echte Wikinger : Geschichten - Lesespaß - Rätsel##Einmal im Jahr messen bei den legendären Tauwetterfestspielen die Wikinger ihre Kräfte. Und fast immer gewinnt Rotzbakke vom Jorgenson-Clan. Doch dieses Jahr sind zum ersten Mal Drachen in der Arena zugelassen  eine Riesenchance für Drachentrainer Hicks!##Dieses spannende Dreamworks-Dragons-Lesebuch mit Hicks und seinen Freunden enthält zwei Geschichten für Leseanfänger. Mit drachenstarken Extra-Infos und Quiz-Seiten.</marc:subfield>
   </marc:datafield>
   <marc:datafield ind1=" " ind2=" " tag="020">
      <marc:subfield code="a">9783845103365</marc:subfield>
      <marc:subfield code="9">9783845103365</marc:subfield>
   </marc:datafield>
   <marc:datafield ind1=" " ind2=" " tag="041">
      <marc:subfield code="a">ger</marc:subfield>
   </marc:datafield>
   <marc:datafield ind1=" " ind2=" " tag="300">
      <marc:subfield code="a">61 S.</marc:subfield>
   </marc:datafield>
</marc:record>
